000 00554nam a22001817i 4500
001 IT\ICCU\UBO\4104456
003 ItRI
005 20260115232249.0
008 141022s1969 it |||||| ||||| |||||c
040 _bita
_cimportazione bologna sebina
041 7 _aita
_2ISO-639-2
100 1 _aBenantoni, Federico
_0IT\ICCU\UBOV\411176
_4aut
245 1 2 _aI travestiti /
_cFederico Benantoni.
260 _aMilano :
_bCharme,
_cstampa 1969
300 _a160 p. ;
_c17 cm
830 0 _aPoker d'assi. Nuova serie ;
_v4
_0IT\ICCU\UBO\4104458
942 _2ddc
_cBK
_n0
999 _c19799
_d19799